1521 1531 1342 1882 1614 1103 1579 1792 1185 1610 1320 1818 1547 1592 1874 1429 1368 1201 1655 1177 1445 1864 1660 1479 1109 1750 1884 1246 1467 1879 1153 1734 1268 1231 1018 1192 1689 1488 1712 1194 1057 1251 1511 1371 1335 1318 1558 1008 1989 1749 1649 1472 1997 1687 1928 1530 1825 1926 1278 1314 1548 1101 1686 1932 1350 1682 1621 1336 1114 1327 1904 1026 1639 1064 1249 1531 1012 1903 1742 1372 1515 1090 1209 1754 1450 1365 1939 1081 1343 1495 1525 1390 1658 1235 1128 1491 1663 1779 1009 BCNSPRNW ULIB Ver.6.0+V

เปลี่ยนเป็นภาษาไทย

Change to English
 แสดงรายละเอียดบรรณานุกรม
  กลับหน้าหลัก

Brief Record : Get Marc (ISO 2709) : E-mail record : QR code < ปิดหน้าต่าง
LEADER : 00000nam 2200000uu 4500
001    13399112293
003     ULIB
008    110426s2550||||th 000 0 tha d
020    9749557600
060  4 W13^bว579พ ล.1 2550
100 0  วิทย์ เที่ยงบูรณธรรม
245 10 พจนานุกรมแพทยศาสตร์ 1 =^bMedical Dictionary 1/^cวิทย์ เที่ยงบูรณธรรม
246 31 Medical Dictionary 1
260    กรุงเทพฯ :^bอักษรพิทยา,^c2550
300    1,289 หน้า
650  7 ศัพท์การแพทย์
650  7 แพทย์^xพจนานุกรม
945    ^p1100^l0^i023900
995    ทศพร
999 ^a ใช้งานได้ทุกระบบ
รายการนี้ยังไม่มีแท็ก
คุณยังไม่ได้ล็อกอิน คุณสามารถมีกิจกรรมร่วมกับเว็บไซต์ได้ แต่ต้องล็อกอินก่อน ::
  ล็อกอิน

รายการสื่อสารสนเทศ

ลำดับที่ ประเภท เลขเรียก/บาร์โค้ด สถานที่ สถานะ
- ไม่พบข้อมูล -

รายการใกล้เคียง
    ผู้แต่ง [วิทย์ เที่ยงบูรณธรรม]

    หัวเรื่อง [ศัพท์การแพทย์]

BibComment


ยังไม่เคยถูกคอมเมนท์

คอมเมนท์ทรัพยากรรายการนี้
  คอมเมนท์: พจนานุกรมแพทยศาสต..


 Copyright 2026. Bcnsprnw @Library